000 01470nab a2200253 a 4500
003 DO-SdBNP
005 20250502093428.0
007 ta
008 250502e2019 dr |||p|r||||||0| z spa d
040 _aDO-SdBNP
_bspa
_cBNPHU
_erda
041 _hspa
100 _aLópez Reyes, Oscar,
_d1952-
_911261
245 _a100 aniversario de su nacimiento :
_bCasandra Damirón: amorosa, consejera y dominicanista /
_cOscar López Reyes.
264 _aBarahona Provincia, República Dominicana :
_b[editor no identificado],
_c2019.
300 _apáginas 2-6.
336 _atexto
_btxt
_2rdacontent
337 _asin mediación
_bn
_2rdamedia
338 _avolumen
_bnc
_2rdacarrier
362 _aAño 2, Núm 4, enero-abril 2019.
520 _aHablar de Casandra Damirón, nacida en Barahona el 12 de marzo de 1919, es igual que mencionar los flamboyanes de Batey Central y sus frutos, la cadencia de las aguas del río Birán, la sal mineral y el yeso, la espléndida hoja de nuestras matas de plátanos, la caña verdinegra y los movimientos del molino en la zafra azucarera del ingenio, el viejo templo católico, la ladera de la loma del Curro, las frondosas y elevadas montañas del Bahoruco, el proceloso mar Caribe y la costa que nos circunda...
600 0 _aDamirón, Casandra,
_d1919-1983
_934233
_vPublicaciones periódicas
_xAniversario
_zRepública Dominicana
773 0 _058884
_9323572
_aGómez, Wilson
_o2025-3889
_tAquí Barahona :
_w524579
942 _2ddc
_cISSUE
999 _c58913
_d58913